000 00410nam a2200121Ia 4500
008 170221s9999 xx 000 0 und d
100 _aJ. Barry Dickinson
245 _aSymbiotic marketing: a network perspective
245 _cJ. Barry Dickinson, Holy Family University.
260 _bJournal of Management and Marketing Research
650 _xBusiness
856 _uhttp://www.aabri.com/manuscripts/121241.pdf
999 _c307845
_d307845